| 000 | 01693nam0a2200385 4500 | ||
|---|---|---|---|
| 001 | RU\NLR\bibl\136968 | ||
| 005 | 20250618043439.0 | ||
| 010 |
_a5-7890-0053-3 _9150 |
||
| 020 |
_aRU _b98-35504 _9Книжная летопись |
||
| 021 |
_aRU _b98-29156 _91387 |
||
| 035 | _a(NLR Aleph) 000134166 | ||
| 090 |
_a766784 _c766784 |
||
| 100 | _a20000410d1998 |||y0rusy50 ca | ||
| 101 | 0 | _arus | |
| 102 | _aRU | ||
| 105 | _aa ||||||||| | ||
| 200 | 1 |
_aВведение в анализ _eТексты лекций для иностр. студентов междунар. фак. _fА.И. Полисмаков, Т.Я. Пападмитрий, О.А. Игнатова, Т.Г. Ковалева _g[Науч. ред. доц., к.х.м. Л.Б. Олехнович] _gМ-во общ. и проф. образования Рос. Федерация, Дон. гос. техн. ун-т |
|
| 210 |
_aРостов н/Д _cДГТУ _d1998 |
||
| 215 |
_a54 с. _cил. _d20 |
||
| 610 | 0 | _aМатематический анализ | |
| 675 |
_a517(042.3) _v3 _zrus |
||
| 686 |
_a27.23 _2rugasnti |
||
| 686 |
_a22.16 _2rubbk |
||
| 701 | 1 |
_aПолисмаков _bА. И. _gАлександр Иванович _4070 |
|
| 701 | 1 |
_aПападмитрий _bТ. Я. _gТамара Яковлевна _4070 |
|
| 701 | 1 |
_aИгнатова _bО. А. _gОльга Анатольевна _4070 |
|
| 701 | 1 |
_aКовалева _bТ. Г. _gТатьяна Григорьевна _4070 |
|
| 702 | 1 |
_aОлехнович _bЛ. Б. _4340 |
|
| 801 | 0 |
_aRU _bRKP _c20000410 _gPSBO |
|
| 801 | 1 |
_aRU _bRKP _c20000410 |
|
| 801 | 2 |
_aRU _bNLR _c20010518 _grcr |
|
| 852 |
_aNLR _j99-4/9977 |
||
| 942 | _cBOOK | ||
| 980 | _aNB | ||